| 000 | 00472nam a2200145Ia 4500 | ||
|---|---|---|---|
| 008 | 210430s9999 xx 000 0 und d | ||
| 020 | _a0-07-135758-0 | ||
| 082 | _a620.1126 B8631 F | ||
| 100 |
_aCharlie R Brooks _952116 |
||
| 245 |
_aFailure analysis of engineering Materials _cCharlie R Brooks |
||
| 260 |
_aNew york _bMcGraw Hill _c2002 |
||
| 300 | _a602p. | ||
| 856 |
_uhttp://10.250.8.41:8080/xmlui/handle/123456789/46569 _yFor E-Book Click here |
||
| 942 |
_cBK _2ddc |
||
| 999 |
_c562879 _d562879 |
||